Postacie z oryginalnej odsłony Mortal Kombat - Statystyki

Ogólne statystyki
  • Ten quiz został rozwiązany 261 razy
  • Średni wynik to 7 z 10
Statystyki odpowiedzi
Wojownik: % Poprawnych
Sub-Zero
99%
Scorpion
95%
Raiden
86%
Johnny Cage
80%
Liu Kang
77%
Sonya Blade
75%
Goro
60%
Kano
58%
Reptile
57%
Shang Tsung
51%
Nie znaleziono quizów pasujących do podanych kryteriów
Rozkład punktacji
Procent ludzi z każdym wynikiem
Percentyl według liczby udzielonych odpowiedzi
Twoja historia wyników
Nie rozwiązałeś tego quizu